Современные взгляды на происхождение ископаемых углей и их классификация: из цикла лекций "Новости горной техники"

書目詳細資料
主要作者: Гапеев А. А.
企業作者: Дом инженера и техника
語言:俄语
出版: Москва, Углетехиздат, 1951
主題:
格式: 圖書
KOHA link:https://koha.lib.tpu.ru/cgi-bin/koha/opac-detail.pl?biblionumber=372371

MARC

LEADER 00000nam0a2200000 4500
001 372371
005 20231102012453.0
035 |a (RuTPU)RU\TPU\retro\29794 
035 |a RU\TPU\book\304689 
090 |a 372371 
100 |a 20221214d1951 km y0rusy50 ca 
101 0 |a rus 
102 |a RU 
105 |a a z 001zy 
200 1 |a Современные взгляды на происхождение ископаемых углей и их классификация  |e из цикла лекций "Новости горной техники"  |f А. А. Гапеев  |g Дом инженера и техника 
210 |a Москва  |c Углетехиздат  |d 1951  |a Ленинград 
215 |a 36 с.  |c ил. 
320 |a Библиогр.: с. 35. 
606 1 |a Полезные ископаемые  |x Геология  |2 stltpush  |3 (RuTPU)RU\TPU\subj\50069  |9 68818 
610 1 |a ископаемый уголь 
610 1 |a происхождение 
610 1 |a классификация 
610 1 |a угольные месторождения 
610 1 |a история 
610 1 |a угленакопление 
610 1 |a прогноз 
675 |a 553  |v 3 
700 1 |a Гапеев  |b А. А. 
712 0 2 |a Дом инженера и техника  |2 stltpush  |3 (RuTPU)RU\TPU\col\11438  |9 25096 
801 1 |a RU  |b 63413507  |c 20150117 
801 2 |a RU  |b 63413507  |c 20221214  |g RCR 
942 |c BK